00538nam a22001697a 4500003000400000008004100004020001800045100003000063245001800093250000800111260005100119300000800170650001200178942001200190999001700202952014900219OSt250529b |||||||| |||| 00| 0 eng d a9788170770556 aSHASTRI, Acharya Udyaveer aNyayedarsanam a1st aNew DelhibVijaykumar Govindram Hasanandc2023 a575 aGeneral 2ddccBK c13612d13612 00102ddc40708IKSBCaPIETbPIETd2025-04-10eSubash KohalifINRg450.00k828l0o181.43 SHNpK85r2025-05-29 00:00:00v450.00w2025-04-10yBK